| 000 | 02299nkm0a2200409 4500 | ||
|---|---|---|---|
| 001 | RU\NLR\BIBL_A\022768830 | ||
| 005 | 20260426073031.0 | ||
| 035 | _a(NLR Aleph) 022768830 | ||
| 090 |
_a13693481 _c13693481 |
||
| 100 | _a20260426 rusy50 | ||
| 101 | 0 | _arus | |
| 102 | _aRU | ||
| 116 | _aiiycxx zz ad | ||
| 135 | _acrcn 024anaba | ||
| 181 | 0 |
_ab4 _bxb2e |
|
| 182 | 0 | _an | |
| 200 | 1 |
_aР. Вольф, Магдебург - Букау _eпатентованные локомобили с перегретым паром _eоригинальной конструкции Вольфа _e10-800 действительных лошадиных сил _eэкономнейшая, надежнейшая и выгоднейшая двигательная сила для всех промышленных и сельско-хозйствен. производств _e[плакат] |
|
| 203 |
_aИзображение _bнеподвижное _bдвухмерное _bвизуальное _cнепосредственное |
||
| 210 |
_aС-П-Бург [Санкт-Петербург] _c[между 1900 и 1917] _dТ. Киббель |
||
| 215 |
_a1 л. _cфотомех. печ. _d78,2х58,9 |
||
| 300 | _aНа л. внизу слева неизв. моногр. худ. | ||
| 325 | _aКопия доступна в Электрон. б-ке РНБ | ||
| 606 | 1 |
_aРекламный плакат русский _z1868 - 1917 _92200006 _3RU\NLR\AUTH\6601557021 |
|
| 606 | 1 |
_aМеханизмы _jПлакаты _91294799 _3RU\NLR\AUTH\66218035 |
|
| 686 | _aЩ153(2Р=Рус)53-466 | ||
| 712 | 0 | 2 |
_4610 _aКиббель, _cПетербург _gТеодор Теодорович, _hхромолитография и картонажная фабрика _9430653 _3RU\NLR\AUTH\880382193 |
| 852 | 0 | 0 |
_aNLR _bЭ _jР.Рус./Торг.3/2 _mЭаф10697 |
| 856 | 0 | _uhttps://vivaldi.nlr.ru/la700001829/view | |
| 856 | 1 | _uhttps://vivaldi.nlr.ru/la700001829/cover | |
| 856 | 2 | _uhttps://vivaldi.nlr.ru/la700001829/text | |
| 942 | _cVISUAL | ||
| 980 | _aNB | ||
| 981 | 1 | 7 |
_a(17) Изографические материалы _b(17) Плакаты |